Teksts mūs neinteresē
| Titel: | Teksts mūs neinteresē = Text is Not Our Type / sastādītāja Ineta Vaivode |
|---|---|
| Beteiligt: | |
| Veröffentlicht: | Rīga : Latvijas Nacionālā bibliotēka, 2025 |
| Umfang: | 247 Seiten : Illustrationen |
| Format: | Buch |
| Sprache: | Lettisch; Englisch |
| ISBN: | 9789934610790 |
alg: 54258709 001A $03004:03-03-26 001B $03004:04-03-26 $t15:21:55.000 001D $03004:03-03-26 001U $0utf8 001X $00 002@ $0Aau 002C $aText $btxt $2rdacontent 002D $aohne Hilfsmittel zu benutzen $bn $2rdamedia 002E $aBand $bnc $2rdacarrier 003@ $0542587092 004A $A9789934610790 007A $0542587092 $aHEB 010@ $alav $aeng 010E $erda 011@ $a2025 021A $aTeksts mūs neinteresē $fText is Not Our Type $hsastādītāja Ineta Vaivode 028C $BZusammenstellender $4com $7 $8Vaivode, Ineta [Tnu] $9542586738 033A $pRīga $nLatvijas Nacionālā bibliotēka 034D $a247 Seiten 034M $aIllustrationen 044K $RLettische Sozialistische Sowjetrepublik $RLettische Sozialistische Sowjetrepublik $#Lettland $#Lettland $#Lettland $#Latvija $#Latvijas Republika $#Lettische Republik $#République de Lettonie $#Republik Lettland $#Latwija $#Latvijas Republikas Tautas $#Republic of Latvia $#Latvijskaja Respublika $#Latvia $#Lettonie $#Łotwa $74074187-4 $8Lettland [Tg1] $9085208876 044K $RDruckwerk $RLiteratur $#Books and reading $#Books $#Livres et lecture $#Livres $#Libri $#Libros $#Buch $#Buch $#Buch $#Buchwesen $#Bücher $74008570-3 $8Buch [Ts1] $9085014990 044K $RBuchhandel $RVerleger $#Publishers and publishing $#Édition $#Editoria $#Verlagswesen $#Buchverlag $#Verlag $#Verlag/Verlagswesen $#Verlage $#Buchverlag $#Verlagsbuchhandlung $#Verlagswesen $#Verlagsbuchhandel $74063004-3 $8Verlag [Ts1] $9085176273 044K $RHochdruck $RDruckwerk $#Printing $#Imprimerie $74008598-3 $8Buchdruck [Ts1] $9085015032 045F $a002.094796 $eDDC23BSB 045F/01 $a002.09 045F/03 $g4796 045G $a400 $eDDC23BSB 045G/01 $a400 045G/03 $g4796 045R $aGeschichte 046L $aText lettisch und englisch 046L $aAufsatz in lateinischer Sprache lok: 54258709 24 exp: 54258709 24 1 #EPN 201B/01 $003-03-26 $t16:21:10.000 201C/01 $003-03-26 201U/01 $0utf8 203@/01 $01335997687 208@/01 $a03-03-26 $bz 209A/01 $a26.00727 $du $f050 $h26 00727 $x00 209C/01 $a26.00727 T $h26 00727 T 209G/01 $a74862322 $x00 220C/01 $acer 247C/01 $8358050-7Marburg, Bibliothek des Herder-Instituts Marburg $9102600961
| LEADER | 00000cam a2200000 c 4500 | ||
|---|---|---|---|
| 001 | 542587092 | ||
| 003 | DE-603 | ||
| 005 | 20260304152155.0 | ||
| 007 | tu | ||
| 008 | 260303s2025 xx |||| | u00||u|lav c | ||
| 020 | |a 9789934610790 | ||
| 035 | |a (DE-599)HEB542587092 | ||
| 040 | |a DE-603 |b ger |c DE-603 |d DE-603 |e rda | ||
| 041 | |a lav |a eng | ||
| 082 | 0 | 4 | |8 1\u |a 002.094796 |q DE-101 |2 23/BSB |
| 083 | 0 | |8 2\u |a 400 |q DE-101 |2 23/BSB | |
| 085 | |8 1\u |b 002.09 | ||
| 085 | |8 1\u |z 2 |s 4796 | ||
| 085 | |8 2\u |b 400 | ||
| 085 | |8 2\u |z 2 |s 4796 | ||
| 245 | 0 | 0 | |a Teksts mūs neinteresē |b = Text is Not Our Type |c sastādītāja Ineta Vaivode |
| 264 | 1 | |a Rīga |b Latvijas Nacionālā bibliotēka |c 2025 | |
| 300 | |a 247 Seiten |b Illustrationen | ||
| 336 | |a Text |b txt |2 rdacontent | ||
| 337 | |a ohne Hilfsmittel zu benutzen |b n |2 rdamedia | ||
| 338 | |a Band |b nc |2 rdacarrier | ||
| 546 | |a Text lettisch und englisch | ||
| 546 | |a Aufsatz in lateinischer Sprache | ||
| 648 | 7 | |a Geschichte |2 gnd | |
| 650 | 7 | |a Buch |0 (DE-588)4008570-3 |0 (DE-603)085014990 |2 gnd | |
| 650 | 7 | |a Verlag |0 (DE-588)4063004-3 |0 (DE-603)085176273 |2 gnd | |
| 650 | 7 | |a Buchdruck |0 (DE-588)4008598-3 |0 (DE-603)085015032 |2 gnd | |
| 651 | 7 | |a Lettland |0 (DE-588)4074187-4 |0 (DE-603)085208876 |2 gnd | |
| 700 | 1 | |a Vaivode, Ineta |e Zusammenstellender |4 com |0 (DE-603)542586738 | |
| 924 | 0 | |9 Mb 50 |a (DE-603)1335997687 |b DE-Mb50 |c HES |d c |g 26.00727 | |


